En el corazón de las masas / (Record no. 141482)

MARC details
000 -LEADER
campo de control de longitud fija 00813nam a2200217 i 4500
001 - NÚMERO DE CONTROL
campo de control 141482
003 - IDENTIFICADOR DE NÚMERO DE CONTROL
campo de control ES-MaACL
005 - FECHA Y HORA DE LA ÚLTIMA TRANSACCIÓN
campo de control 20250809063521.0
007 - CAMPO FIJO DE DESCRIPCIÓN FÍSICA--INFORMACIÓN GENERAL
campo de control de longitud fija t|
008 - DATOS DE LONGITUD FIJA--INFORMACIÓN GENERAL
campo de control de longitud fija 070924s1961 sp ||||1| spa d
100 1# - ENTRADA PRINCIPAL--NOMBRE DE PERSONA
Nombre de persona Voillaume, René,
Fechas asociadas al nombre 1905-2003
9 (RLIN) 115676
245 10 - MENCIÓN DEL TÍTULO
Título En el corazón de las masas /
Mención de responsabilidad, etc. René Voillaume ; prólogo a la primera edición española por Manuel Larrain Errazuriz ; nueva traducción corregida y aumentada por Enrique Fernández Sanz Méndez.
250 ## - MENCION DE EDICION
Mención de edición 3ª ed. española.
260 ## - PUBLICACIÓN, DISTRIBUCIÓN, ETC.
Lugar de publicación, distribución, etc. Madrid :
Nombre del editor, distribuidor, etc. Studium,
Fecha de publicación, distribución, etc. [1961]
300 ## - DESCRIPCIÓN FÍSICA
Extensión 444 p. ;
Dimensiones 22 cm.
610 24 - PUNTO DE ACCESO ADICIONAL DE MATERIA--NOMBRE DE ENTIDAD CORPORATIVA
Nombre de entidad corporativa o nombre de jurisdicción como elemento de entrada Hermanitos de Jesús.
9 (RLIN) 165897
700 1# - ENTRADA AGREGADA--NOMBRE PERSONAL
Nombre de persona Larrain Errazuriz, Manuel.
9 (RLIN) 70297
700 1# - ENTRADA AGREGADA--NOMBRE PERSONAL
Nombre de persona Fernández Sanz-Méndez, Enrique.
9 (RLIN) 50083
852 ## - LOCALIZACIÓN
Ubicación ES-MaACL
Número de control de estantería C-20694
Sublocalización o colección R.49209
Holdings
Estatus retirado Estado de pérdida Estado de daño No para préstamo Biblioteca de origen Biblioteca actual Ubicación en estantería Fecha de adquisición Fuente de adquisición Total de préstamos Signatura topográfica completa Código de barras Visto por última vez Precio de reemplazo Tipo de ítem Koha
        Biblioteca del Ateneo de Madrid Biblioteca del Ateneo de Madrid Galería 17/01/2008     C-20694 1147216 23/02/2023 23/02/2023 Libro impreso